The School of St. Matthew: (Record no. 4387)

MARC details
000 -LEADER
fixed length control field 00516nam a22001697a 4500
003 - CONTROL NUMBER IDENTIFIER
control field GBCCL
005 - DATE AND TIME OF LATEST TRANSACTION
control field 20241126110517.0
008 - FIXED-LENGTH DATA ELEMENTS--GENERAL INFORMATION
fixed length control field 180119b xxu||||| |||| 00| 0 eng d
040 ## - CATALOGING SOURCE
Transcribing agency gbc
082 ## - DEWEY DECIMAL CLASSIFICATION NUMBER
Classification number 226.2061
Item number STE
100 ## - MAIN ENTRY--PERSONAL NAME
Personal name Stendahl, Krister
9 (RLIN) 8235
245 ## - TITLE STATEMENT
Title The School of St. Matthew:
Remainder of title And its use of the Old Testament /
Statement of responsibility, etc. Krister Stendahl
260 ## - PUBLICATION, DISTRIBUTION, ETC.
Name of publisher, distributor, etc. Fortress Press,
Place of publication, distribution, etc. Philadelphia:
Date of publication, distribution, etc. 1968
300 ## - PHYSICAL DESCRIPTION
Extent 249 p.;
Dimensions 25 cm.
650 ## - SUBJECT ADDED ENTRY--TOPICAL TERM
Topical term or geographic name entry element Bible
Form subdivision New Testament
-- Matthew
General subdivision Introduction
9 (RLIN) 8236
942 ## - ADDED ENTRY ELEMENTS (KOHA)
Source of classification or shelving scheme Dewey Decimal Classification
Koha item type Books
Holdings
Withdrawn status Lost status Source of classification or shelving scheme Damaged status Not for loan Home library Current Library Shelving location Date acquired Total checkouts Full call number Barcode Date last seen Copy number Price effective from Koha item type
    Dewey Decimal Classification     GRACE BIBLE COLLEGE GRACE BIBLE COLLEGE Biblical Studies 2018-01-19   226.2061 STE 000653 2025-05-01 c.1 2018-01-19 Books
© Grace Bible College Library 2025